Statistics for IDF Chief of the General Staff

Click here to take the quiz!

General Stats

  • This quiz has been taken 6 times
  • The average score is 13 of 23

Answer Stats

Years in officeAnswer% Correct
1995-1998Ahmonn Lipkin-Shahak
80%
2019-2023Aviv Kohavi
80%
2011-2015Benny Gantz
80%
2005-2007Dan Halutz
80%
2015-2019Gadi Eizenkot
80%
2023-PresentHerzi Halevi
80%
1947-1949Yaakov Dori
80%
1972-1974David Elazar
60%
1991-1995Ehud Barak
60%
2007-2011Gabi Ashkenazi
60%
1968-1972Haim Bar-Lev
60%
1958-1961Haim Laskov
60%
1974-1978Mordechai Gur
60%
1953-1958Moshe Dayan
60%
1983-1987Moshe Levi
60%
2002-2005Moshe Ya'alon
60%
1978-1983Rafael Eitan
60%
1964-1968Yitzhak Rabin
60%
1987-1991Dan Shomron
40%
1952-1953Mordechai Maklef
20%
1998-2002Shaul Mofaz
20%
1961-1964Tzvi Tzur
20%
1949-1952Yigael Yadin
20%

Score Distribution

Percentile by Number Answered

Percent of People with Each Score

Your Score History

You have not taken this quiz